Модель суффиксации образования псевдозаимствованных онимов в немецком литературном языке; Язык. Общество. Образование

Dades bibliogràfiques
Parent link:Язык. Общество. Образование.— 2023.— С. 18-24
Autor principal: Волкова А. Б.
Autor corporatiu: Национальный исследовательский Томский политехнический университет
Altres autors: Кобенко Ю. В. Юрий Викторович (научный руководитель)
Sumari:В статье даётся определение феномена псевдозаимствованных онимов в немецком литературном языке, а также рассматривается модель суффиксации образования исследуемых лексических единиц в немецком литературном языке по их сегментам и субклассам с перечислением используемых суффиксов
Текстовый файл
Idioma:rus
Publicat: 2023
Col·lecció:Актуальные векторы исследований и подходы в современной лингвистике
Matèries:
Accés en línia:http://earchive.tpu.ru/handle/11683/77934
Format: MixedMaterials Electrònic Capítol de llibre
KOHA link:https://koha.lib.tpu.ru/cgi-bin/koha/opac-detail.pl?biblionumber=671931

MARC

LEADER 00000naa2a2200000 4500
001 671931
005 20240405110437.0
090 |a 671931 
100 |a 20240402d2023 k||y0rusy50 ca 
101 0 |a rus 
102 |a RU 
135 |a drcn ---uucaa 
200 1 |a Модель суффиксации образования псевдозаимствованных онимов в немецком литературном языке  |f А. Б. Волкова  |g науч. рук. Ю. В. Кобенко ; Национальный исследовательский Томский политехнический университет 
225 |a Актуальные векторы исследований и подходы в современной лингвистике 
320 |a Литература: с. 23-24 
330 |a В статье даётся определение феномена псевдозаимствованных онимов в немецком литературном языке, а также рассматривается модель суффиксации образования исследуемых лексических единиц в немецком литературном языке по их сегментам и субклассам с перечислением используемых суффиксов 
336 |a Текстовый файл 
463 |0 670681  |t Язык. Общество. Образование  |o сборник научных трудов IV Международной научно-практической конференции «Лингвистические и культурологические аспекты современного инженерного образования» памяти кандидата педагогических наук, доцента Н.А. Качалова, Томск, 15-17 ноября 2023 г.  |v С. 18-24  |d 2023  |9 670681  |a Кобенко, Ю. В. (лингвист ; 1977-)  |c Томск  |n Изд-во ТПУ  |p 1 файл (6,11 Мб, 273 с.)  |u conference_tpu-2023-C85_V2.pdf 
610 1 |a электронный ресурс 
610 1 |a труды учёных ТПУ 
610 1 |a псевдозаимствования 
610 1 |a псевдозаимствованные онимы 
610 1 |a немецкий литературный язык 
610 1 |a язык-донор 
610 1 |a модель суффиксации 
610 1 |a лексический способ 
700 1 |a Волкова  |b А. Б. 
702 1 |a Кобенко  |b Ю. В.  |c лингвист  |c профессор Томского политехнического университета, доктор филологических наук  |f 1977-  |g Юрий Викторович  |4 727 
712 0 2 |a Национальный исследовательский Томский политехнический университет  |c (2009- )  |9 26305 
801 2 |a RU  |b 63413507  |c 20240402  |g RCR 
856 4 |u http://earchive.tpu.ru/handle/11683/77934  |z http://earchive.tpu.ru/handle/11683/77934 
942 |c CF